<?xml version="1.0" encoding="UTF-8"?>
<record
    xmlns:xsi="http://www.w3.org/2001/XMLSchema-instance"
    xsi:schemaLocation="http://www.loc.gov/MARC21/slim http://www.loc.gov/standards/marcxml/schema/MARC21slim.xsd"
    xmlns="http://www.loc.gov/MARC21/slim">

  <leader>00958nam a2200145   4500</leader>
  <controlfield tag="001">6261</controlfield>
  <controlfield tag="005">20181127181256.0</controlfield>
  <datafield tag="245" ind1="0" ind2="0">
    <subfield code="a">Conducting research at RTC based on pilot project :</subfield>
    <subfield code="b">assessment of ecotourism sustainability in Bhutan /</subfield>
    <subfield code="c">Jesse Montes.</subfield>
    <subfield code="h"></subfield>
  </datafield>
  <datafield tag="260" ind1="0" ind2="0">
    <subfield code="a">[Thimphu] :</subfield>
    <subfield code="b">[Royal Thimphu College],</subfield>
    <subfield code="c">2015.</subfield>
  </datafield>
  <datafield tag="300" ind1=" " ind2=" ">
    <subfield code="a">149 p.</subfield>
    <subfield code="b"></subfield>
    <subfield code="c"></subfield>
    <subfield code="e"></subfield>
  </datafield>
  <datafield tag="500" ind1="0" ind2="0">
    <subfield code="a">Spiral-bound xerographic copy.</subfield>
  </datafield>
  <datafield tag="505" ind1=" " ind2=" ">
    <subfield code="a">Adoption of Alternative livelihood strategies and the  impact of ethno-ecological relations: a case study of  ecotourism in Bhutan / Jesse Montes -- Select articles  including: Ecotourism and sustainable development : who  owns paradise / Martha Honey -- Semi-structured  interviews: guidance for novice researchers / LS Whiting  -- A framework for design / John W. Crewwell -- Questionnaires, in-depth interviews and focus groups /  Anne Adams and Anna L. Cox.</subfield>
    <subfield code="g"></subfield>
    <subfield code="r"></subfield>
    <subfield code="t"></subfield>
  </datafield>
  <datafield tag="650" ind1=" " ind2=" ">
    <subfield code="a">Ecotourism -- Research methodology.</subfield>
    <subfield code="v"></subfield>
    <subfield code="x"></subfield>
    <subfield code="y"></subfield>
    <subfield code="z"></subfield>
    <subfield code="2"></subfield>
  </datafield>
  <datafield tag="650" ind1=" " ind2=" ">
    <subfield code="a">Ecotourism.</subfield>
    <subfield code="v"></subfield>
    <subfield code="x"></subfield>
    <subfield code="y"></subfield>
    <subfield code="z"></subfield>
    <subfield code="2"></subfield>
  </datafield>
  <datafield tag="999" ind1=" " ind2=" ">
    <subfield code="c">5291</subfield>
    <subfield code="d">5291</subfield>
  </datafield>
  <datafield tag="952" ind1=" " ind2=" ">
    <subfield code="0">0</subfield>
    <subfield code="1">0</subfield>
    <subfield code="2">ddc</subfield>
    <subfield code="4">0</subfield>
    <subfield code="7">0</subfield>
    <subfield code="8">Binding</subfield>
    <subfield code="a">RTCLIB</subfield>
    <subfield code="b">RTCLIB</subfield>
    <subfield code="c">Binder</subfield>
    <subfield code="h"> </subfield>
    <subfield code="i">9953</subfield>
    <subfield code="l">0</subfield>
    <subfield code="o">338.4 MON</subfield>
    <subfield code="p">30010015</subfield>
    <subfield code="r">2018-11-27 00:00:00</subfield>
    <subfield code="w">2018-11-27</subfield>
    <subfield code="y">BINDER</subfield>
  </datafield>
</record>
